| 000 | 00567nam a22001817a 4500 | ||
|---|---|---|---|
| 003 | OSt | ||
| 005 | 20251202092739.0 | ||
| 008 | 251120b |||||||| |||| 00| 0 eng d | ||
| 040 |
_aDWCL-Main lib _cOC |
||
| 082 |
_22002 ed. _aFil. 346.02 B189q 2002 |
||
| 100 | _aBallada, Susan | ||
| 245 |
_aQuizzer in obligations and contracts 2002 ed./ _cBallada, Susan |
||
| 260 |
_aManila : _bDomDane Publishers, _cc2002. |
||
| 300 |
_a227 p. ; _c25 cm. |
||
| 650 | _aContracts-Examinations, questions, etc. | ||
| 700 | _aBallada, Win Lu | ||
| 942 |
_2ddc _cBK - FIL _e2002 ed. _kFil _n0 |
||
| 999 |
_c5915 _d5915 |
||